[Event "BAN-chT"]
[Site "Dhaka"]
[Date "2014.11.15"]
[Round "4"]
[White "Islam, Nazrul"]
[Black "Gagunashvili, Merab"]
[Result "0-1"]
[WhiteElo "2028"]
[BlackElo "2569"]
[PlyCount "60"]
[EventDate "2014.11.12"]
[EventType "team-tourn"]
[EventRounds "9"]
[EventCountry "BAN"]
[SourceTitle "EXT 2015"]
[Source "ChessBase"]
[SourceDate "2014.11.20"]
[SourceVersion "1"]
[SourceVersionDate "2014.11.20"]
[SourceQuality "1"]
[WhiteTeam "Sultana Kamal Smirity Pathagar"]
[BlackTeam "Dhaka Mohammedan"]
[WhiteTeamCountry "BAN"]
[BlackTeamCountry "BAN"]

1. d4 Nf6 2. c4 c5 3. e3 cxd4 4. exd4 g6 5. Nc3 Bg7 6. Bd3 0-0 7. Nge2 d5 8. b3 Nc6 9. c5 Ne4 10. Bxe4 dxe4 11. Be3 e5 12. d5 Nb4 13. 0-0 f5 14. a3 Nd3 15. f3 exf3 16. Qxd3 e4 17. Qc4 fxe2 18. d6+ Rf7 19. Rf2 Qf6 20. Rc1 Qxc3 21. Rxe2 Qxc4 22. Rxc4 Be6 23. Rb4 a5 24. Rb6 f4 25. Bxf4 Rxf4 26. g3 Rf7 27. Rxe4 Bh3 28. Rf4 Bd4+ 29. Kh1 Rxf4 30. gxf4 Re8 0-1